000 00503cam a22002054a 4500
005 20250605164247.0
008 250528s ||||||||||||||||||||||||d
035 _a21551
020 _a9780324072693
040 _aGR-AtMCL
_bgre
_dGR-AtMCL
_eAACR2
245 1 _aTHE POWER OF MARKETING
250 _a1
260 _bSouth-Western Publishing Co,
_c2001
300 _a689
700 1 _aD'Amico Michael
_97526
700 1 _aZikmund William
_92115
942 _cBK
999 _c6613
_d6613